BIBLIOTECA PODER JUDICIAL
Portal Judicial TDF

Intersecciones del derecho ambiental y el derecho concursal argentinos. Aportes desde la constitucionalización del derecho privado y del diálogo con el derecho italiano ambiental. Segunda parte / (Registro nro. 5376)

000 -LEADER
fixed length control field 01445nab a22003137a 4500
003 - CONTROL NUMBER IDENTIFIER
control field OSt
005 - DATE AND TIME OF LATEST TRANSACTION
control field 20250306134402.0
008 - FIXED-LENGTH DATA ELEMENTS--GENERAL INFORMATION
fixed length control field 190603e xxum|||| |||| 00| 0 spa d
040 ## - CATALOGING SOURCE
Transcribing agency PJ
100 ## - MAIN ENTRY--PERSONAL NAME
9 (RLIN) 3765
Personal name Boretto, Mauricio
245 10 - TITLE STATEMENT
Title Intersecciones del derecho ambiental y el derecho concursal argentinos. Aportes desde la constitucionalización del derecho privado y del diálogo con el derecho italiano ambiental. Segunda parte /
Statement of responsibility, etc Mauricio Boretto.
260 ## - PUBLICATION, DISTRIBUTION, ETC. (IMPRINT)
Date of publication, distribution, etc Ciudad Autónoma de Buenos Aires :
Place of publication, distribution, etc Thomson Reuters La Ley,
Name of publisher, distributor, etc 2024.
300 ## - PHYSICAL DESCRIPTION
Extent p. 255-288
500 ## - GENERAL NOTE
General note Cita Online: TR LALEY AR/DOC/953/2024.<br/>
505 ## - FORMATTED CONTENTS NOTE
Formatted contents note Sumario: I. Abordaje jurídico de algunos problemas que plantea el proceso concursal del empresario insolvente que contamina.— II. Final.
505 ## - FORMATTED CONTENTS NOTE
Title ¿Te interesa el texto completo? Solicitalo al correo: koha@justierradelfuego.gov.ar<br/>
650 #0 - SUBJECT ADDED ENTRY--TOPICAL TERM
9 (RLIN) 2848
Topical term or geographic name as entry element DERECHO AMBIENTAL
650 #0 - SUBJECT ADDED ENTRY--TOPICAL TERM
9 (RLIN) 1737
Topical term or geographic name as entry element CONCURSOS
650 #0 - SUBJECT ADDED ENTRY--TOPICAL TERM
Topical term or geographic name as entry element QUIEBRA
9 (RLIN) 1739
650 #0 - SUBJECT ADDED ENTRY--TOPICAL TERM
Topical term or geographic name as entry element CONTAMINACIÓN AMBIENTAL
9 (RLIN) 2851
650 #0 - SUBJECT ADDED ENTRY--TOPICAL TERM
Topical term or geographic name as entry element PRESCRIPCIÓN
9 (RLIN) 3092
650 #0 - SUBJECT ADDED ENTRY--TOPICAL TERM
Topical term or geographic name as entry element ACREEDOR DEL CONCURSO
9 (RLIN) 1801
650 #0 - SUBJECT ADDED ENTRY--TOPICAL TERM
Topical term or geographic name as entry element DAÑO AMBIENTAL
9 (RLIN) 3251
650 #0 - SUBJECT ADDED ENTRY--TOPICAL TERM
Topical term or geographic name as entry element PRIVILEGIOS (CIVIL)
9 (RLIN) 2699
650 #0 - SUBJECT ADDED ENTRY--TOPICAL TERM
Topical term or geographic name as entry element SITUACIÓN DE VULNERABILIDAD
9 (RLIN) 4695
653 ## - INDEX TERM--UNCONTROLLED
Uncontrolled term VERIFICACION DEL CREDITO
773 0# - HOST ITEM ENTRY
Host Biblionumber 2713
Host Itemnumber 3170
Place, publisher, and date of publication Ciudad Autónoma de Buenos Aires : Thomson Reuters La Ley, 2015-
Title Revista Código Civil y Comercial. Nº 4 - Agosto 2024
942 ## - ADDED ENTRY ELEMENTS (KOHA)
Source of classification or shelving scheme
Koha item type Analítica Artículo de Revista

No hay ítems disponibles.

12 de Octubre 789 Ushuaia - Tel:  54(02901)441571
Horario de Atención: 8.00 a 17.00 hs. 
bibliotecaush@justierradelfuego.gov.ar
koha@justierradelfuego.gov.ar
Seguinos en nuestras redes @bibliojustdf 

Con tecnología Koha